El aborto en debate : (Record no. 2859)

MARC details
000 -LEADER
fixed length control field 01297nam a22003737a 4500
003 - CONTROL NUMBER IDENTIFIER
control field AR-CdUFF
005 - DATE AND TIME OF LATEST TRANSACTION
control field 20180619123359.0
008 - FIXED-LENGTH DATA ELEMENTS--GENERAL INFORMATION
fixed length control field 100610s2009 ag||||| ||||z00| 0 spa d
020 ## - INTERNATIONAL STANDARD BOOK NUMBER
International Standard Book Number 9789501245554
040 ## - CATALOGING SOURCE
Original cataloging agency AR-CdUFF
Transcribing agency AR-CdUFF
041 0# - LANGUAGE CODE
Language code of text/sound track or separate title spa
080 ## - UNIVERSAL DECIMAL CLASSIFICATION NUMBER
Universal Decimal Classification number 173.4
082 14 - DEWEY DECIMAL CLASSIFICATION NUMBER
Edition number 14
Classification number 363.46
100 1# - MAIN ENTRY--PERSONAL NAME
9 (RLIN) 3223
Personal name Carbajal, Mariana
245 13 - TITLE STATEMENT
Title El aborto en debate :
Remainder of title aportes para una discusión pendiente /
Statement of responsibility, etc Mariana Carbajal.
250 ## - EDITION STATEMENT
Edition statement 1a.ed.1a.reimp.
260 ## - PUBLICATION, DISTRIBUTION, ETC. (IMPRINT)
Place of publication, distribution, etc Buenos Aires :
Name of publisher, distributor, etc Paidós,
Date of publication, distribution, etc 2009.
300 ## - PHYSICAL DESCRIPTION
Extent 267 p. ;
Dimensions 21 cm.
490 0# - SERIES STATEMENT
Series statement Colección Tramas sociales ;
Volume number/sequential designation 55.
504 ## - BIBLIOGRAPHY, ETC. NOTE
Bibliography, etc Incluye referencias bibliográficas.
505 0# - FORMATTED CONTENTS NOTE
Formatted contents note El aborto en la Argentina. Argumentos para despenalizar. La discusión parlamentaria. El aborto en primera persona. Camino a la despenalización.
650 10 - SUBJECT ADDED ENTRY--TOPICAL TERM
9 (RLIN) 3224
Topical term or geographic name as entry element CONTROL DE LA NATALIDAD
Source of heading or term unescot
650 10 - SUBJECT ADDED ENTRY--TOPICAL TERM
9 (RLIN) 3225
Topical term or geographic name as entry element ABORTO
Source of heading or term unescot
650 #0 - SUBJECT ADDED ENTRY--TOPICAL TERM
9 (RLIN) 4397
Topical term or geographic name as entry element DERECHOS DE LA MUJER
Source of heading or term unescot
650 10 - SUBJECT ADDED ENTRY--TOPICAL TERM
9 (RLIN) 2351
Topical term or geographic name as entry element DERECHOS REPRODUCTIVOS
Source of heading or term unescot
651 #0 - SUBJECT ADDED ENTRY--GEOGRAPHIC NAME
9 (RLIN) 326
Geographic name ARGENTINA
651 #0 - SUBJECT ADDED ENTRY--GEOGRAPHIC NAME
9 (RLIN) 2413
Geographic name COLOMBIA
651 10 - SUBJECT ADDED ENTRY--GEOGRAPHIC NAME
9 (RLIN) 2153
Geographic name MEXICO
651 #0 - SUBJECT ADDED ENTRY--GEOGRAPHIC NAME
9 (RLIN) 1332
Geographic name URUGUAY
651 10 - SUBJECT ADDED ENTRY--GEOGRAPHIC NAME
9 (RLIN) 2370
Geographic name ESPAÑA
653 ## - INDEX TERM--UNCONTROLLED
Uncontrolled term COLECCION MUJER
942 ## - ADDED ENTRY ELEMENTS (KOHA)
Source of classification or shelving scheme Dewey Decimal Classification
Koha item type Libro, folleto, traducción
990 ## - EQUIVALENCES OR CROSS-REFERENCES [LOCAL, CANADA]
Link information for 9XX fields Universidad Nacional de Córdoba - Catálogo Unificado de Bibliotec
Holdings
Withdrawn status Lost status Source of classification or shelving scheme Damaged status Not for loan Home library Current library Date acquired Source of acquisition Total Checkouts Total Renewals Full call number Barcode Date last seen Date checked out Price effective from Koha item type
    Dewey Decimal Classification     Biblioteca Central Biblioteca Central 05/11/2015 Donación 3 5 363.46 CAR UNAJ15117541 17/03/2025 02/07/2018 05/11/2015 Libro, folleto, traducción

Lunes a Viernes 8:30 a 19:00 hs. Cerrado por mudanza
Av.Calchaqui 6200 Florencio Varela (CP188) 2°piso Edificio Mosconi Aula 209-210
Mail: bibliotecacentralunaj@gmail.com  
Whatsapp(54 9)1122668024    ❔Pregunte a la bibliotecaria
© Universidad Nacional Arturo Jauretche | Secretaría Académica | Biblioteca Central UNAJ